00512nam a2200169Ia 450000500170000000800410001702000150005808200130007310000190008624500190010526000670012430000120019165000210020394200060022495200970023099900150032720250701014432.0240331s9999 xx 000 0 und d a9559518208 bCASa891 aCasinadhar,R.A 0aPathal siwpada aBoralesgamuwabLimited Enlightened Publishers ( Private)c1988 a79 p ., aQuarter of Mines cL 001040708LaWERCLbWERCLcSSCd2024-03-31l0o 891.48 CASp899r2024-03-31w2024-03-31yL c4852d4852